<?xml version="1.0" encoding="UTF-8"?>
<record
    xmlns:xsi="http://www.w3.org/2001/XMLSchema-instance"
    xsi:schemaLocation="http://www.loc.gov/MARC21/slim http://www.loc.gov/standards/marcxml/schema/MARC21slim.xsd"
    xmlns="http://www.loc.gov/MARC21/slim">

  <leader>02674cam a22003375a 4500</leader>
  <controlfield tag="001">016602565</controlfield>
  <controlfield tag="003">Uk</controlfield>
  <controlfield tag="005">20161102152912.0</controlfield>
  <controlfield tag="008">150529s2014    enkab  frb    001 0 eng d</controlfield>
  <datafield tag="015" ind1=" " ind2=" ">
    <subfield code="a">GBB578912</subfield>
    <subfield code="2">bnb</subfield>
  </datafield>
  <datafield tag="016" ind1="7" ind2=" ">
    <subfield code="a">016602565</subfield>
    <subfield code="2">Uk</subfield>
  </datafield>
  <datafield tag="020" ind1=" " ind2=" ">
    <subfield code="a">9781292027845 (pbk.)</subfield>
  </datafield>
  <datafield tag="020" ind1=" " ind2=" ">
    <subfield code="a">1292027843 (pbk.)</subfield>
  </datafield>
  <datafield tag="040" ind1=" " ind2=" ">
    <subfield code="a">StDuBDS</subfield>
    <subfield code="b">eng</subfield>
    <subfield code="c">StDuBDS</subfield>
    <subfield code="d">Uk</subfield>
    <subfield code="d">EG-ScBUE</subfield>
  </datafield>
  <datafield tag="042" ind1=" " ind2=" ">
    <subfield code="a">ukblcatcopy</subfield>
  </datafield>
  <datafield tag="082" ind1="0" ind2="4">
    <subfield code="2">22</subfield>
    <subfield code="a">616.890231</subfield>
    <subfield code="b">KNE</subfield>
  </datafield>
  <datafield tag="100" ind1="1" ind2=" ">
    <subfield code="a">Kneisl, Carol Ren&#x200F; </subfield>
    <subfield code="9">41650</subfield>
  </datafield>
  <datafield tag="245" ind1="1" ind2="0">
    <subfield code="a">Contemporary psychiatric-mental health nursing /</subfield>
    <subfield code="c">Carol Ren Kneisl, Eileen Trigoboff.</subfield>
  </datafield>
  <datafield tag="250" ind1=" " ind2=" ">
    <subfield code="a">3rd ed., Pearson new international ed.</subfield>
  </datafield>
  <datafield tag="300" ind1=" " ind2=" ">
    <subfield code="a">iv, 788 pages :</subfield>
    <subfield code="b">illustrations (black and white, and colour), maps (colour) ;</subfield>
    <subfield code="c">28 cm.</subfield>
  </datafield>
  <datafield tag="490" ind1="0" ind2=" ">
    <subfield code="a">Pearson custom library</subfield>
  </datafield>
  <datafield tag="500" ind1=" " ind2=" ">
    <subfield code="a">Index : p. 775-787.</subfield>
  </datafield>
  <datafield tag="504" ind1=" " ind2=" ">
    <subfield code="a">Includes bibliographical references.</subfield>
  </datafield>
  <datafield tag="505" ind1=" " ind2=" ">
    <subfield code="a">1. Mental Health, Mental Disorder, and Psychiatric-Mental Health Clients: Who Are They? -- 2. Self-Awareness and the Psychiatric-Mental Health Nurse -- 3. The Therapeutic Nurse-Client Relationship Unit II. Theoretical Basis for Psychiatric-Mental Health Nursing Practice -- 4. Theories for Interdisciplinary Care in Psychiatry -- 5. The Biologic Basis of Behavioral and Mental Disorders -- 6. The Science of Psychopharmacology -- 7. Stress, Anxiety, and Coping -- 8. Cultural Competence Unit III. Psychiatric-Mental Health Nursing Processes -- 9. Therapeutic Communication -- 10. Psychiatric-Mental Health Assessment -- 11. Ethics, Clients' Rights, and Legal and Forensic Issues -- 12. Cognitive Disorders -- 13. Substance-Related Disorders -- 14. Schizophrenia -- 15. Mood Disorders -- 16. Anxiety Disorders -- 17. Dissociative, Somatoform, and Factitious Disorders -- 18. Gender Identity and Sexual Disorders -- 19. Eating Disorders -- 20. Personality Disorders Unit V. Vulnerable Populations -- 21. Clients at Risk for Suicide and Self-Destructive Behavior -- 22. Intrafamily Violence: Physical and Sexual Abuse --  23. Children -- 24. Adolescents -- 25. Elders Unit VI. Intervention Strategies -- 26. Therapeutic Groups -- 27. Family-Focused Interventions -- 28. Cognitive and Behavioral Interventions -- 29. Psychopharmacologic Nursing Interventions -- 30. Recovery and Psychiatric Rehabilitation Strategies -- 31. Complementary, Alternative, and Integrative Healing Practices -- 32. Crisis Intervention -- 33. Anger Management and Intervention in Psychiatric-Mental Health Settings</subfield>
  </datafield>
  <datafield tag="590" ind1=" " ind2=" ">
    <subfield code="a">Wessam</subfield>
  </datafield>
  <datafield tag="650" ind1=" " ind2="7">
    <subfield code="a">Psychiatric nursing.</subfield>
    <subfield code="2">BUEsh</subfield>
    <subfield code="9">36309</subfield>
  </datafield>
  <datafield tag="651" ind1=" " ind2=" ">
    <subfield code="2">BUEsh</subfield>
  </datafield>
  <datafield tag="653" ind1=" " ind2=" ">
    <subfield code="b">NNUR</subfield>
    <subfield code="c">November2016</subfield>
  </datafield>
  <datafield tag="700" ind1="1" ind2=" ">
    <subfield code="a">Trigoboff, Eileen&#x200F;.</subfield>
    <subfield code="9">41649</subfield>
  </datafield>
  <datafield tag="942" ind1=" " ind2=" ">
    <subfield code="2">ddc</subfield>
    <subfield code="e">22</subfield>
    <subfield code="k">616.890231 KNE</subfield>
  </datafield>
  <datafield tag="999" ind1=" " ind2=" ">
    <subfield code="c">23012</subfield>
    <subfield code="d">22984</subfield>
  </datafield>
  <datafield tag="952" ind1=" " ind2=" ">
    <subfield code="0">0</subfield>
    <subfield code="1">0</subfield>
    <subfield code="2">ddc</subfield>
    <subfield code="4">0</subfield>
    <subfield code="7">0</subfield>
    <subfield code="8">Baccah</subfield>
    <subfield code="a">MAIN</subfield>
    <subfield code="b">MAIN</subfield>
    <subfield code="c">1ST</subfield>
    <subfield code="d">2016-11-02</subfield>
    <subfield code="e">Purchase</subfield>
    <subfield code="g">352.00</subfield>
    <subfield code="h">3632</subfield>
    <subfield code="l">9</subfield>
    <subfield code="m">122</subfield>
    <subfield code="o">616.890231 KNE</subfield>
    <subfield code="p">000034498</subfield>
    <subfield code="r">2025-07-15 00:00:00</subfield>
    <subfield code="s">2020-11-01</subfield>
    <subfield code="v">440.00</subfield>
    <subfield code="y">BB</subfield>
  </datafield>
</record>
